ACLS provider manual/ (Record no. 4087)

000 -LEADER
fixed length control field 00826nam a22002657a 4500
003 - CONTROL NUMBER IDENTIFIER
control field OSt
005 - DATE AND TIME OF LATEST TRANSACTION
control field 20220704085543.0
008 - FIXED-LENGTH DATA ELEMENTS--GENERAL INFORMATION
fixed length control field 220317b ||||| |||| 00| 0 eng d
020 ## - INTERNATIONAL STANDARD BOOK NUMBER
International Standard Book Number 9780874933277
020 ## - INTERNATIONAL STANDARD BOOK NUMBER
International Standard Book Number 0874933277
040 ## - CATALOGING SOURCE
Transcribing agency ALUPE UNIVERSITY
050 ## - LIBRARY OF CONGRESS CALL NUMBER
Classification number RC675
Item number .C86 2001
100 ## - MAIN ENTRY--PERSONAL NAME
Personal name Cummins, Richard O
245 ## - TITLE STATEMENT
Title ACLS provider manual/
Statement of responsibility, etc. Richard O. Cummins & John M. Field
260 ## - PUBLICATION, DISTRIBUTION, ETC.
Place of publication, distribution, etc. Dallas, Tex. :
Name of publisher, distributor, etc. American Heart Association,
Date of publication, distribution, etc. c2001
300 ## - PHYSICAL DESCRIPTION
Extent 252 p :
Other physical details col. ill. ;
Dimensions 28 cm
504 ## - BIBLIOGRAPHY, ETC. NOTE
Bibliography, etc. note Includes Bibliographic References
650 ## - SUBJECT ADDED ENTRY--TOPICAL TERM
Topical term or geographic name entry element Cardiac resuscitation.
650 ## - SUBJECT ADDED ENTRY--TOPICAL TERM
Topical term or geographic name entry element Cardiac arrest -- Treatment.
650 ## - SUBJECT ADDED ENTRY--TOPICAL TERM
Topical term or geographic name entry element Cardiovascular emergencies.
700 ## - ADDED ENTRY--PERSONAL NAME
Personal name Mary Fran Hazinski;
700 ## - ADDED ENTRY--PERSONAL NAME
Personal name C F Babbs;
710 ## - ADDED ENTRY--CORPORATE NAME
Corporate name or jurisdiction name as entry element American Heart Association.
942 ## - ADDED ENTRY ELEMENTS (KOHA)
Source of classification or shelving scheme
Koha item type Book
Suppress in OPAC SO
Holdings
Withdrawn status Lost status Source of classification or shelving scheme Damaged status Not for loan Permanent Location Current Location Shelving location Date acquired Total Checkouts Full call number Barcode Date last seen Price effective from Koha item type Public note Source of acquisition Copy number
          AU LIBRARY AU LIBRARY Open Shelf 17.03.2022   RC675 .C86 2001 28005851 17.03.2022 17.03.2022 Book SO    
          AU LIBRARY AU LIBRARY Open Shelf 04.07.2022   RC675 .C86 2001 C2 28008191 04.07.2022 04.07.2022 Book AB DONATION FROM MOI UNIVERSITY 2

Powered by Koha